000 00696nam a2200157 a 4500
008 060801s2005 xx |||||||||||||| || u
050 _aTHESIS
100 _aKayanda, Austin
245 1 0 _aProductivity improvement in a liberalised economy
_cMBA thesis supervised by Kabaso and Dr. Chama
246 _acase study of productivity enhancement at Chilanga Cement PLC Ndola Branch
260 _a
_bCopperbelt University, School of Business, MBA Programme
_c2005
350 _a0.00
650 _aINDUSTRIAL PRODUCTIVITY--ZAMBIA
650 0 _aBUSINESS
995 _D0.00
_FCBU-MAIN LIBRARY (Kitwe)
_H1
_I0.00
_M1
_UAVAILABLE
_WAug 1, 2006
_ZUniversity Collection
999 _c54924
_d54924